000 00445nam a2200157 4500
001 144574
003 ES-MaACL
005 20230906201042.0
007 t|
008 070214s1969 sp r ||||1| spa d
100 1 _aSlaughter, Frank G.
_9106773
245 1 0 _aTĂș eres Pedro /
_cFrank G. Slaughter.
260 _aBarcelona :
_bCaralt,
_c1969 (
_eAndorra :
_fCasal i Vall)
300 _a326 p. ;
_c20 cm.
852 _aES-MaACL
_jC-36000
_bR.69252
999 _c144574
_d144574